Former Country Flags - Statistics

General Stats
  • This quiz has been taken 2,346 times
  • The average score is 10 of 20
Answer Stats
Picture Answer % Correct
Scotland
98%
Wales
90%
England
88%
Soviet Union
86%
Yugoslavia
79%
East Germany
78%
Tibet
63%
Prussia
62%
Siam
54%
Zaire
54%
Persia
53%
Ceylon
42%
Gran Colombia
42%
Rhodesia
35%
Burma
29%
United Arab Republic
19%
North Yemen
16%
Tanganyika
15%
Bengal
14%
Hawaii
9%
No matching quizzes found
Score Distribution
Percent of People with Each Score
Percentile by Number Answered
Your Score History
You have not taken this quiz